Name the Year - Russian History #1 - Statistics

General Stats
  • This quiz has been taken 60 times
  • The average score is 12 of 16
Answer Stats
Hint Answer % Correct
Russia Enters WW1 1914
98%
German Invasion of Russia 1941
96%
WW2 Non-Aggression Act Signed 1939
94%
The Chernobyl Disaster 1986
89%
Crimean Crisis 2014
89%
First Presidential Election 1991
87%
Soviet Union Established 1917
85%
Cuban Missile Crisis 1962
85%
Final Victory Over Napoleon 1815
74%
End of Crimean War 1856
72%
Sputnik I is Launched 1957
70%
Start of Crimean War 1853
68%
Czar Alexander II Issues Emancipation Reform 1861
68%
Invasion of Chechnya 1994
66%
Start of the Romanov Dynasty 1613
47%
Russia Freed from Mongol Hordes 1480
17%
No matching quizzes found
Score Distribution
Percent of People with Each Score
Percentile by Number Answered
Your Score History
You have not taken this quiz